Statistiques concernant Clubs de Super League Suisse

Cliquez ici pour prendre le quiz!

Statistiques générales

  • Ce quiz a été pris 52 fois
  • Le résultat moyen est 9 sur 12

Statistiques - réponses

Réponse% Correct
BSC Young Boys
100%
FC Bâle
98%
Servette FC
96%
FC Zurich
94%
FC Lucerne
88%
FC Lugano
80%
FC Lausane Sport
78%
Yverdon Sport FC
76%
Grasshopper CZ
71%
FC Stade Lausanne
61%
St Gallen
51%
FC Winterthour
39%

Distribution des résultats

Percentile par nombre de réponses

% des personnes avec chaque résultat

Votre développement - résultats

Vous n’avez pas pris ce quiz